Lakes by Shape - Statistics

General Stats
  • This quiz has been taken 767 times
  • The average score is 8 of 20
Answer Stats
Picture Answer % Correct
Caspian Sea
88%
Lake Baikal
83%
Lake Michigan
83%
Lake Superior
73%
Lake Victoria
64%
Lake Huron
62%
Lake Erie
60%
Lake Tanganyika
51%
Great Bear Lake
44%
Lake Nicaragua
39%
Great Slave Lake
33%
Lake Balkhash
27%
Lake Winnipeg
25%
Lake Titicaca
19%
Great Salt Lake
18%
Dead Sea
14%
Lake Ladoga
12%
Lake Maracaibo
10%
Lake Manicouagan
8%
Lake Tahoe
7%
No matching quizzes found
Score Distribution
Percent of People with Each Score
Percentile by Number Answered
Your Score History
You have not taken this quiz